Statistiken für Schweizer Kantone nach Einwohner

Klicken Sie hier um das Quiz zu spielen!

Allgemein

  • Dieses Quiz wurde 202 mal gespielt
  • Das Durchschnittsergebnis liegt bei 11 aus 26

Antwortstatistiken

EinwohnerKanton% Korrekt
1'520'968Zürich
100%
1'034'977Bern
98%
799'145Waadt
84%
685'424Aargau
73%
499'480Genf
70%
507'697St. Gallen
65%
409'557Luzern
61%
16'145Appenzell Innerrhoden
51%
353'343Tessin
48%
343'955Wallis
46%
36'433Uri
34%
37'841Obwalden
32%
43'223Nidwalden
31%
194'766Basel-Stadt
30%
318'714Freiburg
29%
126'837Zug
29%
40'403Glarus
27%
55'234Appenzell Ausserrhoden
25%
198'379Graubünden
25%
81'991Schaffhausen
25%
273'194Solothurn
25%
159'165Schwyz
24%
276'472Thurgau
24%
73'419Jura
23%
176'850Neuenburg
23%
288'132Basel-Landschaft
18%

Verteilung der Resultate

Perzentil nach korrekt beantworteten Fragen

Anzahl Personen mit jedem Resultat

Ihre Resultats-Entwicklung

Sie haben dieses Quiz noch nicht gespielt